footballers by photo - Statistics

General Stats
  • This quiz has been taken 95 times
  • The average score is 13 of 16
Answer Stats
Picture Answer % Correct
christiano ronaldo
100%
lionel messi
99%
mo salah
96%
harry kane
94%
zlatan ibrahimovic
94%
de bruyne
89%
romelu lukaku
89%
erling haaland
86%
eden hazard
82%
raheem sterling
82%
paulo dybala
76%
jamie vardy
71%
dele alli
68%
reece james
67%
declan rice
65%
memphis depay
53%
No matching quizzes found
Score Distribution
Percent of People with Each Score
Percentile by Number Answered
Your Score History
You have not taken this quiz